Humanitné a spoločenské vedy v pregraduálnom vzdelávaní 5 zborník vedeckých prác a vedeckých štúdií
Salvato in:
| Altri autori: | , |
|---|---|
| Natura: | Libro |
| Lingua: | slovacco inglese tedesco |
| Pubblicazione: |
Bratislava
Z-F LINGUA
2022
|
| Edizione: | 1. vydanie |
| Soggetti: | |
| Tags: |
Nessun Tag, puoi essere il primo ad aggiungerne!!
|
MARC
| LEADER | 00000nam a2200000 4500 | ||
|---|---|---|---|
| 001 | 0289120 | ||
| 005 | 20230130133238.3 | ||
| 020 | |a 978-80-8177-092-0 | ||
| 041 | 0 | |a slo | |
| 041 | 0 | |a eng | |
| 041 | 0 | |a ger | |
| 044 | |a SK | ||
| 245 | 1 | 0 | |a Humanitné a spoločenské vedy v pregraduálnom vzdelávaní 5 |b zborník vedeckých prác a vedeckých štúdií |c recenzenti: Alica Harajová, Eva Smetanová |
| 250 | |a 1. vydanie | ||
| 264 | 1 | |a Bratislava |b Z-F LINGUA |c 2022 | |
| 300 | |a [152 s.] | ||
| 610 | 2 | 0 | |a vedy humanitné |
| 610 | 2 | 0 | |a vedy spoločenské |
| 610 | 2 | 0 | |a vzdelávanie |
| 700 | 1 | |a Harajová, Alica | |
| 700 | 1 | |a Smetanová, Eva | |